Library Banner

ڈاکٹر سلیم اختر (Record no. 79311)

MARC details
000 -LEADER
fixed length control field 00433nam a22001577a 4500
005 - DATE AND TIME OF LATEST TRANSACTION
control field 20151201101123.0
008 - FIXED-LENGTH DATA ELEMENTS--GENERAL INFORMATION
fixed length control field 151201b xxu||||| |||| 00| 0 eng d
020 ## - INTERNATIONAL STANDARD BOOK NUMBER
International Standard Book Number 969830505X
040 ## - CATALOGING SOURCE
Transcribing agency PK-LaUMT
082 ## - DEWEY DECIMAL CLASSIFICATION NUMBER
Classification number MSC 891.439809
Item number JAL-D
100 ## - MAIN ENTRY--PERSONAL NAME
Personal name جلیل اشرف
245 ## - TITLE STATEMENT
Title ڈاکٹر سلیم اختر
Statement of responsibility, etc جلیل اشرف
260 ## - PUBLICATION, DISTRIBUTION, ETC. (IMPRINT)
Place of publication, distribution, etc لاہور
Name of publisher, distributor, etc ٹی اینڈ ٹی پبلشرز
Date of publication, distribution, etc 1999
300 ## - PHYSICAL DESCRIPTION
Extent 264 ص
942 ## - ADDED ENTRY ELEMENTS (KOHA)
Koha item type Books
Holdings
Withdrawn status Lost status Damaged status Home library Current library Date acquired Full call number Barcode Date last seen Price effective from Koha item type
      UMT Main Campus UMT Main Campus 2015-12-01 MSC 891.439809 JAL-D 95255 2015-12-01 2015-12-01 Books